000 00674cab a2200229 4500
001 ABS45063
008 090401t1991 xxu||||| |||| 00| 0 eng d
035 _a(Sirsi) u50775
041 _aeng
100 _aPayne, S.
245 _aNo smoke without precautions
260 _c1991
350 _a0
490 _aNew Law Journal
_v141(6517) 16 August 1991, 1158(1)
520 _aSummarises the measures in Crop Residues (Restrictions on Burning) Regulations 1991, moving towards a total ban in 1993.
650 _aENVIRONMENTAL PROTECTION ACT 1990
650 _aFARMING
650 _aSTRAW BURNING
690 _aRURAL PRACTICE
942 _n0
948 _c04/03/1997
999 _c31692
_d31692